| 000 | 004640000a22001450004500 | ||
|---|---|---|---|
| 090 |
_aAR _b01021 |
||
| 245 | 1 | 0 | _aDas verzweigungsmister ausgewählter laubbaumarten und seine Veränderung durch nicht-pathogene Schädigungen |
| 650 | 1 | 4 |
_aPalmas _992981 |
| 650 | 1 | 4 |
_aMorfología vegetal _918295 |
| 650 | 1 | 4 |
_aPatrones de crecimiento _994224 |
| 041 | 0 | _aAlemán | |
| 100 | 1 |
_aGleissner, Peter _994225 |
|
| 942 | _cARTICULO | ||
| 773 | 1 |
_tPalmen Garden _3370 _q1-10 _d1996? |
|
| 999 |
_c10109 _d10109 |
||